Ben 10 Alien Quiz - Silhouettes - Statistics

General Stats
  • This quiz has been taken 470 times
  • The average score is 8 of 10
Answer Stats
Picture Answer % Correct
Echo Echo
100%
Four Arms
100%
Brainstorm
98%
Diamond Head
97%
Feedback
97%
Way Big
97%
Cannon Bolt
96%
Alien X
93%
Big Chill
93%
Upgrade
93%
Heatblast
91%
Jet Ray
91%
Grey Matter
90%
Rath
90%
Wildmutt
90%
Ghostfreak
89%
Stinkfly
89%
Ditto
88%
Upchuck
88%
Water Hazard
88%
XLR8
88%
Chromastone
86%
Ripjaws
86%
Spider Monkey
85%
Clockwork
83%
NRG
82%
Fasttrack
81%
Goop
81%
Gravattack
81%
Swampfire
81%
Wildvine
81%
Eye Guy
79%
Whampire
79%
Bloxx
78%
Arctiguana
74%
Mole Stache
74%
Shocksquatch
74%
Blitzwolfer
73%
Buzzshock
73%
Frankenstrike
73%
Nanomech
71%
Bullfrag
70%
Terraspin
69%
The Worst
68%
Lodestar
67%
Armodrillo
65%
Atomix
65%
Crashhopper
64%
Eatle
63%
Kickin Hawk
62%
Spitter
62%
Snare-Oh
61%
Toepick
58%
Pesky Dust
54%
Humungousaur
53%
Jury Rigg
53%
Chamalien
52%
Ball Weevil
51%
Astrodactyl
50%
Ampfibian
49%
Walkatrout
45%
Gutrot
43%
No matching quizzes found
Score Distribution
Percent of People with Each Score
Percentile by Number Answered
Your Score History
You have not taken this quiz